1727 1956 1566 1861 1183 1689 1922 1861 1961 1053 1003 1623 1332 1715 1421 1505 1172 1608 1479 1502 1753 1853 1357 1801 1818 1820 1880 1953 1512 1197 1025 1080 1164 1937 1156 1306 1629 1582 1874 1303 1237 1512 1566 1329 1131 1010 1229 1355 1779 1037 1730 1843 1503 1344 1808 1067 1770 1162 1044 1413 1017 1333 1515 1641 1981 1228 1022 1069 1496 1903 1061 1350 1551 1167 1002 1772 1004 1267 1794 1813 1587 1485 1112 1136 1969 1913 1009 1862 1775 1155 1610 1797 1031 1134 1973 1600 1989 1170 1640 BCNSPRNW ULIB Ver.6.0+V

เปลี่ยนเป็นภาษาไทย

Change to English
 แสดงรายละเอียดบรรณานุกรม
  กลับหน้าหลัก

Brief Record : Get Marc (ISO 2709) : E-mail record : QR code < ปิดหน้าต่าง
LEADER : 00000nam 2200000uu 4500
001    13399120608
003     ULIB
008    120928s2552||||th 000 0 tha d
020    ^a9789747707403
060 04 ^aWY152^bอ552ค 2552
245 00 ^aคู่มือการดูแลผู้ป่วยเรื้อรังที่บ้าน /^cบรรณาธิการ,อัมพรพรรณ ธีรานุตร, นงลักษณ์ เมธากาญจนศักดิ์, ดลวิวัฒน์ แสนโสม
250    ^aพิมพ์ครั้งที่ 1
260    ^aขอนแก่น :^bคณะพยาบาลศาสตร์ มหาวิทยาลัยขอนแก่น,^c2552
300    ^a192 หน้า :^bภาพประกอบ ;^c22 ซม.
650  7 ^aโรคเรื้อรัง^xการพยาบาล
650  7 ^aโรคเรื้อรัง^xผู้ป่วย^xการดูแล
700 0  ^aอัมพรพรรณ ธีรานุตร,^eบรรณาธิการ
700 0  ^aนงลักษณ์ เมธากาญจนศักดิ์,^eบรรณาธิการ
700 0  ^aดลวิวัฒน์ แสนโสม,^eบรรณาธิการ
710 2  ^aมหาวิทยาลัยขอนแก่น.^bคณะพยาบาลศาสตร์
945    ^p0^l0^i15796
945    ^p0^l0^i15797
995    ^aวิภา
999 ^a ใช้งานได้ทุกระบบ
รายการนี้ยังไม่มีแท็ก
คุณยังไม่ได้ล็อกอิน คุณสามารถมีกิจกรรมร่วมกับเว็บไซต์ได้ แต่ต้องล็อกอินก่อน ::
  ล็อกอิน

รายการสื่อสารสนเทศ

ลำดับที่ ประเภท เลขเรียก/บาร์โค้ด สถานที่ สถานะ
- ไม่พบข้อมูล -

BibComment


ยังไม่เคยถูกคอมเมนท์

คอมเมนท์ทรัพยากรรายการนี้
  คอมเมนท์: คู่มือการดูแลผู้..


 Copyright 2026. Bcnsprnw @Library